عرض عادي
عرض مارك
- المحرج ، حمد ناصر ،
مدخل إسم شخص
001 - رقم الضبط
- حقل الضبط: 34915
003 - معرف رقم الضبط
- حقل الضبط: OSt
005 - تاريخ ووقت أخر عملية
- حقل الضبط: 20130407102209.0
008 - عناصر بيانات ثابتة الطول
- حقل تحكم ثابت الطول: 130407|||a|||||| | ||| d
040 ## - مصدر الفهرسة
- هيئة الفهرسة الأصلية: OSt
- وكالة الكتابة: OSt
100 ## - مدخل -- أسم شخص
- إسم شخص: المحرج ، حمد ناصر ،
- مصطلح الرابط: مشرف.
670 ## - بيانات المصدر موجوده
- الاستشهاد بالمصدر: Work cat.: (OSt): اثر برنامج ارشادي جمعي نفسي مقترح لعلاج مشكلة التآخر الدراسي :, 1997
